|
|
|
|
| LEADER |
00000cam a2200000 c 4500 |
| 001 |
1415666474 |
| 003 |
DE-627 |
| 005 |
20220530095543.0 |
| 007 |
tu |
| 008 |
110608s2010 xx ||||| 00| ||ger c |
| 035 |
|
|
|a (DE-627)1415666474
|
| 035 |
|
|
|a (DE-576)34566647X
|
| 035 |
|
|
|a (DE-599)BSZ34566647X
|
| 040 |
|
|
|a DE-627
|b ger
|c DE-627
|e rakwb
|
| 041 |
|
|
|a ger
|
| 245 |
0 |
0 |
|a Mehr Schutz bei häuslicher Gewalt
|b Informationen zum Gewaltschutzgesetz
|c [Hrsg.: Bundesministerium für Familie, Senioren, Frauen und Jugend; Bundesministerium der Justiz]
|
| 264 |
|
1 |
|a Berlin
|b Bundesministerium für Familie, Senioren, Frauen und Jugend
|c 2010
|
| 300 |
|
|
|a 32 S.
|
| 336 |
|
|
|a Text
|b txt
|2 rdacontent
|
| 337 |
|
|
|a ohne Hilfsmittel zu benutzen
|b n
|2 rdamedia
|
| 338 |
|
|
|a Band
|b nc
|2 rdacarrier
|
| 710 |
2 |
|
|a Deutschland
|b Bundesministerium für Familie, Senioren, Frauen und Jugend
|0 (DE-588)2143493-1
|0 (DE-627)183820878
|0 (DE-576)195037340
|4 oth
|
| 710 |
2 |
|
|a Deutschland
|b Bundesministerium der Justiz
|0 (DE-588)2118801-4
|0 (DE-627)752367137
|0 (DE-576)193859424
|4 oth
|
| 951 |
|
|
|a BO
|
| ELC |
|
|
|b 1
|
| LOK |
|
|
|0 000 xxxxxcx a22 zn 4500
|
| LOK |
|
|
|0 001 2679521145
|
| LOK |
|
|
|0 003 DE-627
|
| LOK |
|
|
|0 004 1415666474
|
| LOK |
|
|
|0 005 20190514153657
|
| LOK |
|
|
|0 008 110608||||||||||||||||ger|||||||
|
| LOK |
|
|
|0 040
|a DE-21-110
|c DE-627
|d DE-21-110
|
| LOK |
|
|
|0 541
|e 11/162
|
| LOK |
|
|
|0 689
|a s
|a Häusliche Gewalt
|
| LOK |
|
|
|0 689
|a s
|a Gewaltschutzgesetz
|
| LOK |
|
|
|0 689
|a s
|a Folgen
|
| LOK |
|
|
|0 689
|a s
|a Maßnahmen
|
| LOK |
|
|
|0 689
|a s
|a Hilfe
|
| LOK |
|
|
|0 689
|a s
|a Schutz
|
| LOK |
|
|
|0 852
|a DE-21-110
|
| LOK |
|
|
|0 852 1
|c C II 517
|m p
|9 00
|
| LOK |
|
|
|0 936ln
|a 10.10
|
| LOK |
|
|
|0 938
|a 1106
|
| LOK |
|
|
|0 938
|k p
|
| LOK |
|
|
|0 939
|a 08-06-11
|b l01
|
| ORI |
|
|
|a SA-MARC-krimdoka001.raw
|
| SIG |
|
|
|a IFK: C II 517
|